书目信息 |
| 题名: |
高校文化育人的研究与探索
|
|
| 作者: | 胡钟华 主编 | |
| 分册: | ||
| 出版信息: | 北京 光明日报出版社 2018 |
|
| 页数: | 223页 | |
| 开本: | 25cm | |
| 丛书名: | 高校校园文化建设成果文库 | |
| 单 册: | ||
| 中图分类: | J124-4 | |
| 科图分类: | ||
| 主题词: | ||
| 电子资源: | ||
| ISBN: | 978-7-5194-4071-8 | |
| 000 | 01308nam 2200277 450 | |
| 001 | 012001010907 | |
| 005 | 20140104112733.0 | |
| 010 | @a978-7-5194-4071-8@b精装@dCNY68.00 | |
| 099 | @aCAL 012018075375 | |
| 100 | @a20180621d2018 em y0chiy50 ea | |
| 101 | 0 | @achi |
| 102 | @aCN@b110000 | |
| 105 | @aa z 000yy | |
| 106 | @ar | |
| 200 | 1 | @a高校文化育人的研究与探索@AGao Xiao Wen Hua Yu Ren De Yan Jiu Yu Tan Suo@e以中国美术学院为例@f胡钟华主编 |
| 210 | @a北京@c光明日报出版社@d2018 | |
| 215 | @a223页@c图@d25cm | |
| 225 | 2 | @a高校校园文化建设成果文库@AGao Xiao Xiao Yuan Wen Hua Jian She Cheng Guo Wen Ku |
| 330 | @a本书以“构筑校园美境、实施校园美育、塑造校园美心”的“三美”理想为指导,梳理了近年来中国美院在校园文化建设中取得的成果,从家园之脉、居望之所、风物之志、湖山之路、博物之览、价值之魂、师德之范、传统之根、学术之风、法纪之纲、典礼之仪、榜样之力、活力之境、实践之行、志愿之星、传播之媒、网络之维、身心之健、创业之能、文化之盛等20个方面,介绍卓有成效的做法,以实现艺术传承、育人无痕的目的。 | |
| 410 | 0 | @12001 @a高校校园文化建设成果文库 |
| 517 | 1 | @a以中国美术学院为例 |
| 607 | @a中国美术学院@AZhong Guo Mei Shu Xue Yuan@x校园文化@x建设 | |
| 690 | @aJ124-4@v5 | |
| 701 | 0 | @a胡钟华@AHu Zhong Hua@4主编 |
| 801 | 2 | @aCN@b上海新华@c20191020 |
| 905 | @b1137302-5@dJ124-4@e159@f4 | |
| 高校文化育人的研究与探索:以中国美术学院为例/胡钟华主编.-北京:光明日报出版社,2018 |
| 223页:图;25cm.-(高校校园文化建设成果文库) |
| ISBN 978-7-5194-4071-8(精装):CNY68.00 |
| 本书以“构筑校园美境、实施校园美育、塑造校园美心”的“三美”理想为指导,梳理了近年来中国美院在校园文化建设中取得的成果,从家园之脉、居望之所、风物之志、湖山之路、博物之览、价值之魂、师德之范、传统之根、学术之风、法纪之纲、典礼之仪、榜样之力、活力之境、实践之行、志愿之星、传播之媒、网络之维、身心之健、创业之能、文化之盛等20个方面,介绍卓有成效的做法,以实现艺术传承、育人无痕的目的。 |
| ● |
| 相关链接 |
|
|
|
|
正题名:高校文化育人的研究与探索
索取号:J124-4/159
 
预约/预借
| 序号 | 登录号 | 条形码 | 馆藏地/架位号 | 状态 | 备注 |
| 1 | 1137302 | 211373020 | 第一样本阅览室/ [索取号:J124-4/159] | 在馆 | |
| 2 | 1137303 | 211373039 | 第一借阅区/ [索取号:J124-4/159] | 在馆 | |
| 3 | 1137304 | 211373048 | 第一借阅区/ [索取号:J124-4/159] | 在馆 | |
| 4 | 1137305 | 211373057 | 第一借阅区/ [索取号:J124-4/159] | 在馆 |